000 00897cab a2200265 4500
001 ABS58653
008 090401t1998 xxu||||| |||| 00| 0 eng d
035 _a(Sirsi) u85976
041 _aeng
100 _aBaker, B.
245 _aWater works
260 _c1998
350 _a0
490 _aSurveyor
_v16 April 1998, 18-20(3)
520 _aA balance needs to be sought for British Waterways between preserving the heritage and providing schemes for leisure based activies, that make them economically viable. Considers two very different agendas from the Waterway Environment Services and the British Waterways Board.
650 _aBRITISH WATERWAYS BOARD
650 _aBRITISH WATERWAYS
650 _aHERITAGE
650 _aINLAND WATERWAYS
650 _aLEISURE ACTIVITIES
650 _aWATERWAY ENVIRONMENT SERVICES
690 _aWATER
942 _n0
948 _c01/05/1998
999 _c54092
_d54092